Waterloo Road Deaths - Statistics

General Stats
  • This quiz has been taken 250 times
  • The average score is 8 of 10
Answer Stats
Who Caused It Method Of Death Answer % Correct
N/A Fell of a roof trying to save Kyle Stack from suicide Tom Clarkson
94%
Jed Seddon Stabbed Izzie Redpath
89%
Earl Kelly Shot in the stomach Maxine Barlow
89%
N/A Brain tumor Sambuca Kelly
88%
N/A Kidney Failure Grantly Budgen
82%
Coral Walker Subarachnoid haemorrhage caused by being hit accidentally by Coral Walker's car Chlo Charles
81%
Herself (suicide) Drug overdose Lorna Dickey
77%
Drunk Driver Hit by a drunk lorry driver Denzil Kelly
67%
Myles Massey Fire started by Myles Massey Danny Lewis
60%
Billy Savage Fell of his bike due to a trap set by Billy Savage Boz Osbourne
57%
No matching quizzes found
Score Distribution
Percent of People with Each Score
Percentile by Number Answered
Your Score History
You have not taken this quiz